000 00870nam a2200289 a 4500
001 22718
003 SK-KTurca
005 20260421152026.0
008 991019s1999 xo a r 000 0 slo c
020 _a8071470759 (brož.)
035 _aUKB000248070
040 _aBAA001
_bslo
_cBAA001
_eAACR2
041 1 _aslo
044 _axo
_cSK
080 _a64(035)
100 1 _aPálková, Marta
245 0 0 _aKúzelná gazdinka
_brady, nápady, tipy do domácnosti
_cMarta Pálková
260 _aBratislava
_bSemic Media
_c1999
300 _a144 s.
_bil
490 1 _aKnižnica Ženského magazínu. Dobré rady
_v1
500 _aHlav. ed. má č. 4
650 0 7 _adomácnosť
_xvedenie
_xpríručky
653 _a64(035)
760 1 _tKnižnica Ženského magazínu. Dobré rady
830 0 _aKnižnica Ženského magazínu. Dobré rady
_v1
942 _2ddc
_cOLDO
_n0
999 _c22718
_d22718